000 00335nam a2200145Ia 4500
003 OSt
005 20240103113731.0
008 170523s9999 xx 000 0 und d
020 _a9789350143261
040 _ciimtu
100 _aUpadhyay-Vikas
245 0 _aManufacturing Science
260 _aS.K. Kataria & Soons
942 _2ddc
_c02
999 _c11979
_d11979